HIV and aids and labour rights: A handbook for judges and legal professionals (Record no. 11611)

MARC details
000 -LEADER
fixed length control field 00446nam a22001577a 4500
003 - CONTROL NUMBER IDENTIFIER
control field OSt
005 - DATE AND TIME OF LATEST TRANSACTION
control field 20211011162615.0
008 - FIXED-LENGTH DATA ELEMENTS--GENERAL INFORMATION
fixed length control field 211011b |||||||| |||| 00| 0 eng d
020 ## - INTERNATIONAL STANDARD BOOK NUMBER
International Standard Book Number 9789221295877
040 ## - CATALOGING SOURCE
Original cataloging agency HU
Transcribing agency DDC
082 ## - DEWEY DECIMAL CLASSIFICATION NUMBER
Classification number 344.01/INT
245 ## - TITLE STATEMENT
Title HIV and aids and labour rights: A handbook for judges and legal professionals
260 ## - PUBLICATION, DISTRIBUTION, ETC.
Place of publication, distribution, etc. Geneva
Name of publisher, distributor, etc. International labour office
Date of publication, distribution, etc. 2015
300 ## - PHYSICAL DESCRIPTION
Extent xiv,139p,32cm
942 ## - ADDED ENTRY ELEMENTS (KOHA)
Source of classification or shelving scheme Dewey Decimal Classification
Koha item type Books like text book referance book
Suppress in OPAC No
Holdings
Withdrawn status Lost status Source of classification or shelving scheme Damaged status Not for loan Home library Current library Shelving location Date acquired Total Checkouts Full call number Barcode Date last seen Copy number Price effective from Koha item type
    Dewey Decimal Classification     Law & Governance lLbrary Law & Governance lLbrary General Stacks 10/11/2021   344.01/INT LGCLIB0005361 10/11/2021 C1 10/11/2021 Books like text book referance book
    Dewey Decimal Classification     Law & Governance lLbrary Law & Governance lLbrary General Stacks 10/11/2021   344.01/INT LGCLIB0005358 10/11/2021 C2 10/11/2021 Books like text book referance book
    Dewey Decimal Classification     Law & Governance lLbrary Law & Governance lLbrary General Stacks 10/11/2021   344.01/INT LGCLIB0005359 10/11/2021 C3 10/11/2021 Books like text book referance book
    Dewey Decimal Classification     Law & Governance lLbrary Law & Governance lLbrary General Stacks 10/11/2021   344.01/INT LGCLIB0005360 10/11/2021 C4 10/11/2021 Books like text book referance book